000 00701na a2200229 4500
001 16620
003 MIRAKIL
005 20181213154911.0
008 161014b tu 000 0
040 _aMilas
_btur
_cTR-AnCHP
041 _atur
082 _a779
_bB66 2011
090 _a779 B66 2011
245 _aBornova belediyesi fotoğraf yarışması
_b"Bornova kentin belleğine yolculuk"
_cyay.haz. Kaan Bağcı, Alpgiray Kelem
260 _aİzmir
_b[Bornova Belediyesi]
_c2011
300 _a155 s.
_bfotg.
_c22x27 sm.
651 _aBornova (İzmir)
_xGezi ve tanıtım
651 _aİzmir
_xFotoğraflar
_zBornova
700 _aKelem, Alpgiray
700 _aBağcı, Kaan
942 _2ddc
_cBKS
999 _c2856
_d2856